| 000 | 01091nam a2200229 i 4500 | ||
|---|---|---|---|
| 001 | bg | ||
| 245 | 0 | 0 |
_aNowe tendencje w nauce o organizacji i zarządzaniu : _bPolanica Zdrój, 22-24 września 2003. |
| 260 |
_aWrocław : _bOficyna Wydawnicza PW, _c2003. |
||
| 300 |
_a374 s. : _bil. ; _c24 cm. |
||
| 490 | 1 |
_aPrace Naukowe Instytutu Organizacji i Zarządzania Politechniki Wrocławskiej. Konferencje = _aScientific Papers of the Institute of Industrial Engineering and Management of the Wrocław University of Technology. Conferences, _x0324-9484 ; _v23 |
|
| 500 | _aTyt. równol. : New trends in organization and management science. - Nr serii gł. : 73. - Tekst pol., niem. Streszcz. ang., niem. przy ref. | ||
| 504 | _aBibliogr. przy ref. | ||
| 650 | 9 | _aOrganizacja | |
| 650 | 9 | _aZarządzanie | |
| 655 | _aMateriały konferencyjne | ||
| 830 | 0 |
_aPrace Naukowe Instytutu Organizacji i Zarządzania Politechniki Wrocławskiej. _pKonferencje ; _v23 |
|
| 040 | _cBPK | ||
| 041 | 0 |
_apolger _bengpol |
|
| 080 | _a65.01(061) | ||
| 942 | _cKS | ||
| 008 | s pl f |000 0 pol | ||
| 999 |
_c44222 _d44222 |
||
| 856 |
_uhttp://koha.tu.koszalin.pl/cgi-bin/koha/opac-detail.pl?biblionumber=44222 _yKatalog online BPK |
||